[Event "XX Torneo di Capodanno"]
[Site "Reggio nell'Emilia ITA"]
[Date "1978.01.01"]
[Round "6"]
[White "Kovacs, Laszlo M."]
[Black "Valenti, Giuseppe"]
[Result "1-0"]
[WhiteElo "2395"]
[BlackElo "2240"]
[PlyCount "81"]
[EventDate "1977.12.27"]

1. d4 Nf6 2. c4 c5 3. Nf3 cxd4 4. Nxd4 e6 5. Nc3 Bb4 6. Ndb5 O-O 7. a3 Bxc3+ 8.
Nxc3 d5 9. e3 Nc6 10. Be2 dxc4 11. Bxc4 Qxd1+ 12. Kxd1 e5 13. f3 Re8 14. Bd2
Be6 15. Bxe6 Rxe6 16. Ke2 Rd8 17. Rhd1 Red6 18. Na4 Nd7 19. Bb4 Rxd1 20. Rxd1
f6 21. Bd6 Nf8 22. Nc5 b6 23. Nb7 Rd7 24. Rc1 Ne7 25. Bxe7 Rxe7 26. Nd6 Rd7 27.
Rc6 h6 28. b4 Ne6 29. Rc8+ Kh7 30. Nb5 a6 31. Rc6 Nd8 32. Rc7 Rd5 33. Nc3 Rd6
34. Ne4 Rc6 35. Rd7 f5 36. Nd6 Ne6 37. Nxf5 a5 38. Kd3 axb4 39. axb4 b5 40. Rd6
e4+ 41. fxe4 1-0

[Event "XX Torneo di Capodanno"]
[Site "Reggio nell'Emilia ITA"]
[Date "1978.01.02"]
[Round "7"]
[White "Haik, Aldo"]
[Black "Passerotti, Pierluigi"]
[Result "1-0"]
[WhiteElo "2400"]
[BlackElo "2380"]
[PlyCount "67"]
[EventDate "1977.12.27"]

1. d4 Nf6 2. c4 g6 3. Nc3 d5 4. Bf4 Bg7 5. e3 O-O 6. Qb3 dxc4 7. Bxc4 Nc6 8.
Be2 b6 9. Bf3 Na5 10. Qd1 Bb7 11. b4 Bxf3 12. Nxf3 Nb7 13. Qb3 c6 14. O-O a5
15. b5 c5 16. Rfd1 Qc8 17. Rac1 e6 18. Ne5 cxd4 19. exd4 Qe8 20. Nc6 Rc8 21.
Be5 Nd7 22. Ne4 Bxe5 23. dxe5 Kg7 24. Nf6 Nxf6 25. exf6+ Kh8 26. Qe3 Nc5 27.
Rc4 Rg8 28. Rh4 g5 29. Rhd4 h6 30. h4 Kh7 31. hxg5 Rxc6 32. Rh4 Rg6 33. bxc6
Qxc6 34. Qh3 1-0